000 00346nam a22001457a 4500
008 221018b ||||| |||| 00| 0 eng d
020 _a9789951001380
041 _aeng
080 _a781
082 _a781 ÇIPA
100 _a20.1
101 _aMUZIK
245 _aNJOHJA E TALENTIT NE PEDAGOGJIN E PIANISTIKE
_cÇIPA INDIRA
942 _2udc
_cBK
999 _c58601
_d58601